|
|
|
|
| LEADER |
00000nam0a2200000 4500 |
| 001 |
135068 |
| 005 |
20231101220527.0 |
| 010 |
|
|
|a 5962603214
|
| 035 |
|
|
|a (RuTPU)RU\TPU\book\146391
|
| 090 |
|
|
|a 135068
|
| 100 |
|
|
|a 20080407d2007 km y0rusy50 ca
|
| 101 |
0 |
|
|a rus
|
| 102 |
|
|
|a RU
|
| 105 |
|
|
|a a z 001zy
|
| 200 |
1 |
|
|a Инвестиционные рычаги максимизации стоимости компании. Практика российских предпрятий
|f Т. В. Теплова
|
| 210 |
|
|
|a Москва
|c Вершина
|d 2007
|
| 215 |
|
|
|a 272 с.
|c ил.
|
| 320 |
|
|
|a Библиогр.: с. 254-256.
|
| 330 |
|
|
|a В книге раскрывается роль инвестиционной деятельности как одного из действенных рычагов максимизации стоимости компании. Показаны новые направления инвестирования и принципы отбора инвестиционных проектов, позволяющих компаниям наращивать стоимость. Автором систематизирована практика российских компаний по принятию инвестиционных решений. Внимание читателей акцентируется на приводящих к недополучению стоимости ошибках, которые часто допускаются при анализе инвестиционных решений и при управлении инвестиционным процессом. Нацеливая компании на достижение рыночной успешности, автор отстаивает применение стоимостных показателей и алгоритмов выявления рычагов стоимости как на этапе принятия инвестиционных решений, так и в период их мониторинга. Кроме того, раскрываются особенности инвестиционного процесса создания стоимости и устойчивого ее наращения путем сбалансированного инвестиционного портфеля (инвестиции в инновации, персонал, маркетинг и пр.). Книга адресована директорам и собственникам предприятий, руководителям финансовых и экономических служб.
|
| 606 |
1 |
|
|a Предприятия
|x Экономика
|2 stltpush
|3 (RuTPU)RU\TPU\subj\36689
|9 57982
|
| 610 |
1 |
|
|a экономика
|
| 610 |
1 |
|
|a предприятия
|
| 610 |
1 |
|
|a компании
|
| 610 |
1 |
|
|a стоимость
|
| 610 |
1 |
|
|a финансы
|
| 610 |
1 |
|
|a инвестиции
|
| 610 |
1 |
|
|a инвестиционные возможности
|
| 610 |
1 |
|
|a активизация
|
| 610 |
1 |
|
|a планирование
|
| 610 |
1 |
|
|a инвестиционные портфели
|
| 686 |
|
|
|a У9(2)29
|v LBC/SL-A
|2 rubbk
|
| 700 |
|
1 |
|a Теплова
|b Т. В.
|g Тамара Викторовна
|
| 801 |
|
1 |
|a RU
|b 63413507
|c 20080407
|g PSBO
|
| 801 |
|
2 |
|a RU
|b 63413507
|c 20140131
|g PSBO
|
| 942 |
|
|
|c BK
|